00598nam a2200181Ia 450000500170000000800410001702000150005808200150007324500890008826000550017730000170023265000110024965000130026070000250027394200060029895200970030499900150040120240528041550.0240331s9999 xx 000 0 und d a8173041009 bECOa338.9 0aEconomic development and social change in Sri Lanka :ba special and policy analysis aNew DelhibManohar Publishers & Distributorsc1996 axi, 377 p ., aSocial aEconomic aGroves, A. Pauleedt cL 001040708LaWERCLbWERCLcSSCd2024-03-31l0o 338.9 ECOp2724r2024-03-31w2024-03-31yL c2794d2794